000 01140cab a2200373 4500
001 ABS50005
008 090401t1994 xxu||||| |||| 00| 0 eng d
035 _a(Sirsi) u73610
041 _aeng
100 _aFrampton, R.
245 _aValuation and the American way
260 _c1994
350 _a0
490 _aEstates Gazette
_v(9402) 15 January 1994, 52-53(2)
520 _aIn the light of the Queens Moat affair this article compares US and UK approaches to valuation of property assets.
650 _aAPPRAISAL FOUNDATION
650 _aAPPRAISAL INSTITUTE
650 _aASSET VALUATION
650 _aDISCOUNTED CASH FLOW
650 _aFINANCIAL INSTITUTIONS REFORM RECOVERY AND ENFORCEMENT ACT 1989
650 _aFIRREA RULES
650 _aPROPERTY ASSETS
650 _aQUALIFICATIONS
650 _aUNIFORM STANDARDS OF PROFESSIONAL APPRAISAL PRACTICE
650 _aUNITED STATES
650 _aUSPAPS
650 _aVALUATION ISSUES
650 _aVALUATION METHODS
650 _aVALUERS
690 _aOVERSEAS-NORTH AMERICA
690 _aRATING AND VALUATION
942 _n0
948 _c04/03/1997
999 _c46496
_d46496